000 00418nam a22001457a 4500
003 OSt
008 250212b |||||||| |||| 00| 0 eng d
020 _a9788197969195
100 _aKUMAR, Rajinder Kumar
245 _aFundamentals and Frontiers in Material Science and Engineering
260 _aNew Delhi:
_bNaples Indian Publication:
_c2024.
300 _a178p.
650 _aFaculty Publication
942 _2ddc
_cBK
999 _c13131
_d13131